The shock doctrine : (Record no. 435)

MARC details
000 -LEADER
fixed length control field 01014nam a2200349 a 4500
001 - CONTROL NUMBER
control field 4044383
005 - DATE AND TIME OF LATEST TRANSACTION
control field 20200129130616.0
008 - FIXED-LENGTH DATA ELEMENTS--GENERAL INFORMATION
fixed length control field 070522s2007 enk 001 0 eng d
015 ## - NATIONAL BIBLIOGRAPHY NUMBER
National bibliography number GBA741240
Source bnb
020 ## - INTERNATIONAL STANDARD BOOK NUMBER
International Standard Book Number 9780713998993 (hbk.)
020 ## - INTERNATIONAL STANDARD BOOK NUMBER
International Standard Book Number 0713998997 (hbk.)
020 ## - INTERNATIONAL STANDARD BOOK NUMBER
International Standard Book Number 9781846140280 (trade pbk.)
035 ## - SYSTEM CONTROL NUMBER
System control number (Uk)013756049
035 ## - SYSTEM CONTROL NUMBER
System control number (UkOxU)16548817
035 ## - SYSTEM CONTROL NUMBER
System control number (UkLCURL)0716548817
038 ## - RECORD CONTENT LICENSOR
Record content licensor Uk
040 ## - CATALOGING SOURCE
Original cataloging agency StDuBDS
Language of cataloging eng
Transcribing agency StDuBDS
049 ## - LOCAL HOLDINGS (OCLC)
Local processing data b
082 04 - DEWEY DECIMAL CLASSIFICATION NUMBER
Classification number 909.825
Edition information 22
090 ## - LOCALLY ASSIGNED LC-TYPE CALL NUMBER (OCLC); LOCAL CALL NUMBER (RLIN)
Classification number (OCLC) (R) ; Classification number, CALL (RLIN) (NR) Oxf
100 1# - MAIN ENTRY--PERSONAL NAME
Personal name Klein, Naomi,
Dates associated with a name 1970-
245 14 - TITLE STATEMENT
Title The shock doctrine :
Remainder of title the rise of disaster capitalism /
Statement of responsibility, etc. Naomi Klein.
260 ## - PUBLICATION, DISTRIBUTION, ETC.
Place of publication, distribution, etc. London :
Name of publisher, distributor, etc. Allen Lane,
Date of publication, distribution, etc. 2007.
300 ## - PHYSICAL DESCRIPTION
Extent 558 p. ;
Dimensions 24 cm.
504 ## - BIBLIOGRAPHY, ETC. NOTE
Bibliography, etc. note Includes bibliographical references and index.
650 #0 - SUBJECT ADDED ENTRY--TOPICAL TERM
Topical term or geographic name entry element Disasters
General subdivision Political aspects.
650 #0 - SUBJECT ADDED ENTRY--TOPICAL TERM
Topical term or geographic name entry element Disasters
General subdivision Economic aspects.
650 #0 - SUBJECT ADDED ENTRY--TOPICAL TERM
Topical term or geographic name entry element Economic policy.
650 #0 - SUBJECT ADDED ENTRY--TOPICAL TERM
Topical term or geographic name entry element History, Modern
Chronological subdivision 1945-1989.
650 #0 - SUBJECT ADDED ENTRY--TOPICAL TERM
Topical term or geographic name entry element History, Modern
Chronological subdivision 1989-
942 ## - ADDED ENTRY ELEMENTS (KOHA)
Source of classification or shelving scheme Dewey Decimal Classification
Koha item type Books
Holdings
Withdrawn status Lost status Damaged status Not for loan Home library Current library Shelving location Date acquired Barcode Date last seen Price effective from Koha item type
        Midway Midway General stacks 01/05/2015 39999000019162 01/05/2015 01/05/2015 Books